| Tag |
First Indicator |
Second Indicator |
Subfields |
| LEADER |
00000cam a2200000 4500 |
| 001 |
in00001925500 |
| 006 |
m | d | |
| 007 |
cr |n||||||||n |
| 008 |
810314s1779 ie |||| s 00| ||eng d |
| 005 |
20260403180210.5 |
| 035 |
|
|
|a (CStRLIN)ESTCT118956
|
| 040 |
|
|
|a Uk-ES
|c Uk-ES
|d CStRLIN
|d Thomson Gale
|d UtOrBLW
|
| 100 |
1 |
|
|a Cowley, Hannah,
|d 1743-1809.
|
| 245 |
1 |
0 |
|a Who's the dupe? :
|b A farce: as it is acted at the Theatre-Royal in Drury-Lane. By Mrs. Cowley, ...
|
| 264 |
|
3 |
|a Dublin :
|b printed by W. Boucher, for the United Company of Booksellers,
|c 1779.
|
| 300 |
|
|
|a 36p. ;
|c 12⁰.
|
| 336 |
|
|
|a text
|b txt
|2 rdacontent
|
| 337 |
|
|
|a computer
|b c
|2 rdamedia
|
| 338 |
|
|
|a online resource
|b cr
|2 rdacarrier
|
| 500 |
|
|
|a Reproduction of original from the British Library.
|
| 510 |
4 |
|
|a English Short Title Catalog,
|c ESTCT118956.
|
| 533 |
|
|
|a Electronic reproduction.
|b Farmington Hills, Mich. :
|c Thomson Gale,
|d 2003.
|n Available via the World Wide Web.
|n Access limited by licensing agreements
|7 s2003 miunns
|
| 500 |
|
|
|a Electronic resource.
|
| 830 |
|
0 |
|a Eighteenth century collections online.
|
| 856 |
4 |
0 |
|u http://proxy.library.tamu.edu/login?url=https://galenet.galegroup.com/servlet/ECCO?c=1&stp=Author&ste=11&af=BN&ae=T118956&tiPG=1&dd=0&dc=flc&docNum=CW112419958&vrsn=1.0&srchtp=a&d4=0.33&n=10&SU=0LRK&locID=txshracd2898
|z Full text online
|t 0
|
| 999 |
|
|
|a MARS
|
| 999 |
f |
f |
|s f0eb9bb6-e979-3e4d-ad8a-88f89d855215
|i c3a59c16-91eb-3200-b259-be9d01620daf
|t 0
|
| 952 |
f |
f |
|a Texas A&M University
|b College Station
|c Electronic Resources
|s www_evans
|d Available Online
|t 0
|h No information provided
|
| 998 |
f |
f |
|t 0
|l Available Online
|